000 00420pab a2200157 454500
008 180718b2002 xxu||||| |||| 00| 0 eng d
100 _aMorton, John
245 _aDestocking as a drought-mitigation strategy: clarifying rationales and answering critiques
260 _c2002
300 _ap.213-28.
362 _aSep
650 _aDrought Control
700 _aBarton, David
773 _aDisasters
909 _a55453
999 _c55453
_d55453